Vnímanie eLearningového vzdelávania študentmi PHF EU v Košiciach
Hodnotenie skúseností študentov s využívaním eLearningového vzdelávania, kvalitatívnej stránky eLearningového vzdelávania a kvalitatívnej stránky študijných materiálov. Dotazníkový prieskum, ktorého sa zúčastnilo 109 študentov Podnikovohospodárskej fakulty Ekonomickej univerzity v Bratislave so sídl...
Gespeichert in:
| 1. Verfasser: | |
|---|---|
| Weitere Verfasser: | , , |
| Format: | Buchkapitel |
| Sprache: | Slowakisch |
| Schlagworte: | |
| Tags: |
Keine Tags, Fügen Sie das erste Tag hinzu!
|
MARC
| LEADER | 00000nla$a2200000$$$4500 | ||
|---|---|---|---|
| 001 | 0120758 | ||
| 005 | 20240605094419.8 | ||
| 041 | 0 | |a slo | |
| 044 | |a SK | ||
| 245 | 1 | 0 | |a Vnímanie eLearningového vzdelávania študentmi PHF EU v Košiciach |c Michal Stričík, Monika Čonková, Eva Kafková, Marek Meheš |
| 520 | |a Hodnotenie skúseností študentov s využívaním eLearningového vzdelávania, kvalitatívnej stránky eLearningového vzdelávania a kvalitatívnej stránky študijných materiálov. Dotazníkový prieskum, ktorého sa zúčastnilo 109 študentov Podnikovohospodárskej fakulty Ekonomickej univerzity v Bratislave so sídlom v Košiciach. | ||
| 610 | 2 | 0 | |a vzdelávanie vysokoškolské |
| 610 | 2 | 0 | |a vzdelávanie elektronické |
| 610 | 2 | 0 | |a počítače |
| 610 | 2 | 0 | |a internet |
| 610 | 2 | 0 | |a kvalita |
| 610 | 2 | 0 | |a študenti |
| 610 | 2 | 0 | |a prieskum informačný |
| 100 | 1 | |a Stričík, Michal, 1969- | |
| 700 | 1 | |a Čonková, Monika, 1976- | |
| 700 | 1 | |a Kafková, Eva | |
| 700 | 1 | |a Meheš, Marek | |